000 00470nam a2200133Ia 4500
008 100328s9999 xx 000 0 und d
082 _b35439
100 _aकालेलकर मधुसुदन
245 _aदिल्या घरी तू सुखी रहा
260 _bरंजना
630 _aदिल्या घरी तू सुखी रहा
730 _aदिल्या घरी तू सुखी रहा
942 _cBOOK
999 _c525347
_d525344